000 01164cam a22003617a 4500
003 CHAP
005 20220817042113.0
008 971013s1984 r 00010 d
010 _a34663
011 _a35635
035 _a39751
040 _cCHAP
090 _aFolleto 8919
111 0 0 _aMesa García, J.
_975054
245 1 3 _aEl control herbicida del jopo de las habas
260 _aMadrid :
_bMinisterio de Agricultura, Pesca y Alimentación,
_c1984
300 _a16 p.
_b: ilus
490 0 _aHojas divulgadoras
_v; 13/84
590 _aBATCH-UPD
_b10
_c20130110
_lUCH01
_h0208
590 _aBATCH-UPD
_b10
_c20130110
_lUCH01
_h2235
590 _aBATCH-UPD
_b10
_c20130410
_lUCH01
_h1530
590 _aBATCH-UPD
_b10
_c20130914
_lUCH01
_h1559
590 _aCONVERSION
_b10
_c20130109
_lUCH01
_h1319
650 1 4 _aHaba
_xMalas hierbas.
_952113
650 1 4 _aHaba
_xPlagas.
_952118
650 1 4 _aOrobanche.
_983622
700 0 _aGarcía Torres, Luis.
_946679
830 0 _aHojas divulgadoras
_v; 13/84
901 _aBK
942 _cFOLL
949 _aFolleto 8919
_bBC
_cFOLL
_d-90658
_eTS1
_i39751
_si
949 _aFolleto 8919
_bBC
_cFOLL
_d-90659
_eTS2
_fc.2
_i39751
_si
999 _c34663
_d34663